| 000 | 00966nam a2200253 a 4500 | ||
|---|---|---|---|
| 001 | 000032762 | ||
| 003 | DO-SdBNP | ||
| 005 | 20250409144836.0 | ||
| 007 | ta | ||
| 008 | 110726s1975 dr 000 0 spa d | ||
| 040 |
_aDO-SdBNP _bspa _cBNPHU |
||
| 082 | 4 |
_a398.097293 _bJ61al, 1975 _222 |
|
| 100 | 1 |
_aJiménez, Ramón Emilio, _d1886-1970 _96521 |
|
| 245 | 1 | 3 |
_aAl amor del bohío / _cR. Emilio Jiménez. |
| 250 | _aEd. Facsím. | ||
| 260 |
_aSanto Domingo : _bEditora Santo Domingo, _c1975. |
||
| 300 |
_a391 p. ; _c22 cm. |
||
| 533 |
_aFacsímil: _bSanto Domingo : _cVirgilio Montalvo, _d1927-1929 _e2 v. ; 22 cm. _nPublicada originalmente en dos tomos 1927-1929. _n"En el año 1975 fue publicada en un sólo volumen . "-- Introd. |
||
| 590 | _aInventariado, 2023 / DG | ||
| 650 | 0 |
_aFolclore _zRepública Dominicana _933448 |
|
| 651 | 4 |
_aRepública Dominicana _xVida social y costumbres _9405 |
|
| 910 | _aValidado. Control de calidad. MMOLINA | ||
| 942 |
_2ddc _cLBS1 |
||
| 999 |
_c32253 _d32253 |
||